Normal view
MARC view
- مقدادي، زياد محمود
Entry Personal Name
001 - CONTROL NUMBER
- control field: 43335
003 - CONTROL NUMBER IDENTIFIER
- control field: JO-AjAnu
005 - DATE AND TIME OF LATEST TRANSACTION
- control field: 20230606081201.0
008 - FIXED-LENGTH DATA ELEMENTS
- fixed length control field: 230606|| aca||aabn | a|a d
040 ## - CATALOGING SOURCE
- Original cataloging agency: JO-AjAnu
- Transcribing agency: JO-AjAnu
100 ## - HEADING--PERSONAL NAME
- Personal name: مقدادي، زياد محمود
670 ## - SOURCE DATA FOUND
- Source citation: Work cat.: (JO-AjAnu)22191: مقدادي، زياد محمود, author, تلقي شعر التراث في النقد العربي الحديث من بشار إلى المتنبي "أنموذج"